[Event "Northumbria Masters 2018"]
[Site "Newcastle upon Tyne"]
[Date "2018.02.17"]
[Round "6"]
[White "Plat, Vojtech"]
[Black "Vakhidov, Jakhongir"]
[Result "1/2-1/2"]
[WhiteElo "2560"]
[BlackElo "2532"]
[Annotator "TA"]
[PlyCount "83"]
[EventDate "2018.??.??"]
[EventCountry "ENG"]
[SourceTitle "playchess.com"]
[Source "ChessBase"]
[SourceQuality "1"]

{[%evp 18,83,0,-4,-14,-6,-4,-27,-35,-75,-55,-57,-35,-39,-42,-37,-49,-38,-49,-52,0,0,0,0,0,0,0,0,0,0,31,0,69,66,64,75,67,0,0,0,0,0,0,0,0,-285,0,0,0,0,0,0,0,0,490,0,0,0,462,0,0,0,450,0,0,0,427,0]} 1. e4 c5 2. Nf3 Nc6 3. d4 cxd4 4. Nxd4 g6 5. Nc3 Bg7 6. Be3 Nf6 7. Bc4 O-O 8. Bb3 d6 9. h3 Na5 {B72: Sicilian Dragon: 6 Be3, lines with h3+Bc4 and sidelines} 10. Qd2 {LiveBook: 15 Games} a6 11. Bh6 b5 {The position is equal.} 12. Bxg7 Kxg7 13. Bd5 Nxd5 14. Nxd5 {[#]} Nc4 $146 ({Predecessor:} 14... Bb7 15. h4 e5 16. h5 Nc4 17. Qc1 exd4 18. hxg6 {0-1 (46) Pikula,D (2568)-Ivanisevic,I (2625) Kragujevac 2009}) 15. Qc3 {Nf5+ would kill now.} e5 16. Nc6 Qh4 17. O-O-O Bb7 18. Nce7 Bxd5 (18... Qxf2 $15 19. Rhg1 Nb6) 19. Nxd5 $11 Qxf2 20. b3 Nb6 {And now ...Nxd5 would win.} 21. Ne3 $1 Rac8 22. Qd3 $1 {Threatens to win with Rhf1.} Rc6 23. Kb1 Qf6 24. Rhf1 Qe6 ({Better is} 24... Qe7 $11) 25. Nd5 $1 $14 f5 26. Nb4 fxe4 27. Qe3 {[#]} (27. Qxe4 $14 Rxf1 28. Rxf1) 27... Nd5 $1 {[%mdl 512]} 28. Nxd5 Rxf1 29. Rxf1 Qxd5 $11 {[%mdl 4096] Endgame KQR-KQR} 30. Qa7+ $1 Kh6 {Hoping for ...Qc5.} 31. Qb8 $2 {[%mdl 8192]} (31. Qe7 $11) 31... Qc5 $2 (31... Qd2 $19 32. Rc1 Qxg2 33. Qf8+ Kh5) 32. Qf8+ Kh5 33. g4+ Kh4 34. Qh6+ Kg3 35. Qd2 {Black must now prevent Qe1+.} Kh4 $2 {[%mdl 8192]} (35... Kxh3 $2 36. Rh1+ Kxg4 37. Qg2+ Kf5 38. Rf1+ Ke6 39. Qh3+ Kd5 40. Rd1+ Qd4 41. Rxd4+ Kxd4 42. Qxh7 $18) (35... Qd4 $11 {and Black has nothing to worry.} 36. Qe1+ Kxh3) 36. Qh6+ Kg3 37. Qd2 $40 {[%mdl 128] White mounts an attack.} Kh4 ({But not} 37... Kxh3 $2 38. Rh1+ Kxg4 39. Qg2+ Kf5 40. Rf1+ Ke6 41. Qh3+ Kd5 42. Rd1+ Qd4 43. Rxd4+ exd4 44. Qxh7 $18) 38. Qh6+ Kg3 39. Qd2 Kh4 ({Don't blunder} 39... Kxh3 $2 40. Rh1+ Kg3 41. Qh2+ Kxg4 42. Qh4+ Kf5 43. Rf1+ Ke6 44. Qh3+ Kd5 45. Rd1+ Qd4 46. Rxd4+ exd4 47. Qxh7 $18) 40. Qh6+ Kg3 41. Qd2 Kh4 {[#]} ({Avoid the trap} 41... Kxh3 $2 42. Rh1+ Kg3 43. Qh2+ Kxg4 44. Qg2+ Kf5 45. Rf1+ Ke6 46. Qh3+ Kd5 47. Rd1+ Qd4 48. Rxd4+ exd4 49. Qxh7 $18) 42. Qh6+ $2 {Precision: White = 45%, Black = 62%.} (42. g5 $1 $18) 1/2-1/2

[Event "Northumbria Masters 2018"]
[Site "Newcastle upon Tyne"]
[Date "2018.02.17"]
[Round "6"]
[White "Nasuta, Grzegorz"]
[Black "Longson, Alexander"]
[Result "1-0"]
[WhiteElo "2454"]
[BlackElo "2307"]
[Annotator "TA"]
[PlyCount "61"]
[EventDate "2018.??.??"]
[EventCountry "ENG"]
[SourceTitle "playchess.com"]
[Source "ChessBase"]
[SourceQuality "1"]

{[%evp 23,61,19,15,15,15,20,43,36,36,36,43,43,34,8,35,24,37,25,43,43,47,47,54,44,47,49,47,52,95,95,193,191,231,223,300,299,424,422,674,664]} 1. e4 e5 2. Nf3 Nc6 3. Bb5 a6 4. Ba4 Nf6 5. O-O Be7 6. Bxc6 dxc6 7. d3 Nd7 8. b3 O-O {C85: Closed Ruy Lopez: Deferred Exchange Variation} 9. Bb2 Bd6 10. Nbd2 c5 11. Nc4 Re8 12. a4 f6 {LiveBook: 9 Games} 13. Nh4 Nb8 $146 ({Predecessor:} 13... Nf8 14. g3 Bh3 15. Ng2 Qd7 16. f3 {1-0 (40) Vitiugov,N (2721)-Domogaev,S (2435) Sochi 2016}) 14. Nf5 Be6 15. Nfxd6 cxd6 16. a5 Nc6 17. Nb6 Rb8 18. Bc3 Ne7 19. f4 exf4 20. Rxf4 Ng6 21. Rf2 Ne5 22. Qh5 Qe7 23. h3 Rf8 24. Raf1 Rbe8 25. Qh4 Ng6 {[#]} 26. Qg3 $1 Ne5 (26... Rd8 $16 {is a better defense.}) 27. b4 $18 cxb4 28. Bxb4 Kh8 29. d4 {[%cal Bd3d4,Bd4d5][%mdl 32]} Nc4 (29... Nf7 $142 30. e5 Rg8 31. exd6 Qd8) 30. d5 Nxb6 (30... Ne5 $142 31. dxe6 Qxe6) 31. Bxd6 {Precision: White = 98%, Black = 26%.} 1-0

[Event "Northumbria Masters 2018"]
[Site "Newcastle upon Tyne"]
[Date "2018.02.17"]
[Round "6"]
[White "Merry, Alan B"]
[Black "Percivaldi, Martin"]
[Result "0-1"]
[WhiteElo "2438"]
[BlackElo "2395"]
[Annotator "TA"]
[PlyCount "82"]
[EventDate "2018.??.??"]
[EventCountry "ENG"]
[SourceTitle "playchess.com"]
[Source "ChessBase"]
[SourceQuality "1"]

{[%evp 10,82,33,13,27,14,19,32,21,23,29,10,46,14,27,17,27,20,20,8,16,0,0,5,14,6,21,0,41,35,31,36,35,29,138,7,31,31,77,88,79,84,85,86,182,124,135,137,161,143,147,152,145,0,0,-338,-338,-338,-338,-338,-338,-331,-331,-331,-320,-316,-64,-316,-316,-316,-295,-307,-306,-275,-277]} 1. e4 e5 2. Nf3 Nc6 3. Bc4 Bc5 4. c3 Nf6 5. d3 a6 6. Bg5 {LiveBook: 12 Games} Be7 {C54: Giuoco Piano: 4 c3 Nf6, main lines with 5 d4 and 5 d3} (6... h6 7. Bh4 d6 8. a4 Ba7 9. Nbd2 Qe7 10. O-O g5 11. Bg3 Nd7 12. d4 h5 13. h4 g4 14. Ne1 exd4 15. Nd3 dxc3 16. bxc3 {0-1 (55) Demchenko,A (2645)-Ragger,M (2656) Linares 2017}) 7. Nbd2 d6 8. a4 $146 ({Predecessor:} 8. h3 h6 9. Bh4 Be6 10. O-O Bxc4 11. Nxc4 b5 12. Ne3 O-O 13. Nf5 Nh7 14. Nxe7+ Nxe7 {½-½ (28) Do,D (1966)-Dang,L (1989) Ho Chi Minh City 2014}) 8... O-O {White is slightly better.} 9. O-O h6 10. Bh4 Kh8 11. h3 Nh7 12. Bxe7 Qxe7 13. d4 Qf6 {[%cal Re5d4]} 14. dxe5 dxe5 15. a5 Ne7 16. Kh2 Ng6 17. g3 Bd7 18. Qe2 Ng5 19. Nxg5 Qxg5 20. Rad1 {[%cal Ba1d1,Bd1d3,Bd3f3,Bf3f7][%mdl 32]} Rad8 21. Nf3 Qh5 {[#]} (21... Qe7 $11 {keeps the balance.}) 22. Ng1 (22. Rxd7 $1 $16 {[%mdl 512]} Rxd7 23. g4 Qxh3+ 24. Kxh3 Nf4+ 25. Kg3 Nxe2+ 26. Bxe2) 22... Qg5 23. Rd3 Bc6 24. h4 Qf6 25. Rf3 $36 {[%mdl 2048] White has strong initiative.} Qd6 26. Rxf7 Qd2 (26... Rxf7 $16 27. Bxf7 Qf6 28. Bxg6 Qxg6) 27. Qxd2 ({Better is} 27. Rxc7 $18 {Strongly threatening h5.} Qd6 28. Rf7) 27... Rxd2 $16 28. Nf3 Rxb2 {[#]} 29. Nxe5 $1 {[%mdl 512]} Rxf7 (29... Nxe5 30. Rxf8+) 30. Nxg6+ ({But not} 30. Nxf7+ Kh7 $16) 30... Kg8 {White should prevent ...Bb5.} 31. Kg1 (31. Ne5 $16 Be8 32. Rd1 (32. Nxf7 Bxf7 33. Bxf7+ Kxf7 $14)) 31... Bb5 $11 32. Rd1 $2 {[%mdl 8192]} (32. Ne7+ $11 Kf8 33. Ng6+ Ke8 34. Bxf7+ Kxf7 35. c4 Kxg6 36. cxb5 Rxb5 37. Rc1) 32... Bxc4 $19 33. Rd8+ Kh7 {( -> ...Rb1+)} 34. h5 {[%csl Gg6][%cal Rd8h8]} Rb1+ 35. Kg2 {[%csl Gg6][%cal Rd8h8]} Bf1+ 36. Kh2 {[%csl Gg6][%cal Rd8h8]} Rxf2+ 37. Kg1 {[%csl Gg6][%cal Rd8h8]} Rg2+ 38. Kh1 {[%csl Gg6][%cal Rd8h8]} Bd3+ $1 {Black has a decisive advantage.} 39. Kxg2 {[%csl Gg6][%cal Rd8h8]} Bxe4+ 40. Kf2 {[%csl Gg6][%cal Rd8h8]} Bxg6 41. hxg6+ Kxg6 {Precision: White = 51%, Black = 46%.} 0-1

[Event "Northumbria Masters 2018"]
[Site "Newcastle upon Tyne"]
[Date "2018.02.17"]
[Round "6"]
[White "Hunt, Adam C"]
[Black "Muir, Andrew J"]
[Result "1/2-1/2"]
[WhiteElo "2416"]
[BlackElo "2286"]
[Annotator "TA"]
[PlyCount "67"]
[EventDate "2018.??.??"]
[EventCountry "ENG"]
[SourceTitle "playchess.com"]
[Source "ChessBase"]
[SourceQuality "1"]

{[%evp 30,67,14,27,112,0,20,17,9,-65,-64,-76,-87,-97,-104,-137,0,0,0,16,19,0,0,-24,0,0,8,-41,-52,-34,-32,-33,-18,-20,-18,-18,-18,-42,-21,-39]} 1. e4 c5 2. Nf3 Nc6 3. d4 cxd4 4. Nxd4 Nf6 5. Nc3 d6 6. Bg5 e6 7. Qd2 Be7 8. O-O-O O-O 9. f3 a6 10. h4 Nxd4 11. Qxd4 b5 12. Kb1 Bb7 13. Qd2 {B63: Sicilian: Richter-Rauzer: 7...Be7 and unusual Black 7th moves} Rc8 14. Ne2 Qc7 15. Nd4 Rfd8 16. Bd3 {[#] LiveBook: 11 Games} h6 $146 (16... Qb6 $11 {remains equal.} 17. Be3 Qc7) ({Predecessor:} 16... b4 17. h5 d5 18. e5 Ne4 19. fxe4 dxe4 20. Bxe7 Rxd4 {1-0 (30) Inarkiev,E (2672)-Baryshpolets,A (2540) Baku 2014}) 17. Be3 ({Better is} 17. Bxh6 $16 gxh6 18. Qxh6) 17... Nd7 18. g4 $1 Ne5 19. Rhg1 (19. g5 $11) 19... d5 $15 {aiming for ...Nxf3!} ({Much worse is} 19... Bxh4 $6 20. g5 $14) 20. Qf2 dxe4 21. fxe4 Bc5 ({But not} 21... Nxd3 $6 22. cxd3 Bc5 23. Rgf1 $15) 22. Nf3 Nxf3 $2 {[#]} (22... Nxd3 $17 23. Rxd3 Bxe4 24. Rxd8+ Qxd8 25. Bxc5 Bxf3) 23. Qxf3 $11 Bxe3 24. Qxe3 Qe5 25. Rde1 Rd4 26. Rgf1 Rc7 27. g5 h5 $1 28. Qf3 (28. g6 $5) 28... g6 29. Qf4 Qxf4 30. Rxf4 e5 31. Rf3 Kf8 32. c3 Rd6 33. Kc2 Rcd7 (33... b4 $5) 34. Kd2 {Precision: White = 33%, Black = 53%.} 1/2-1/2

[Event "Northumbria Masters 2018"]
[Site "Newcastle upon Tyne"]
[Date "2018.02.17"]
[Round "6"]
[White "Eggleston, David J"]
[Black "Abdulla, Murad"]
[Result "1-0"]
[WhiteElo "2409"]
[BlackElo "2260"]
[Annotator "TA"]
[PlyCount "59"]
[EventDate "2018.??.??"]
[EventCountry "ENG"]
[SourceTitle "playchess.com"]
[Source "ChessBase"]
[SourceQuality "1"]

{[%evp 35,59,23,23,23,25,13,5,5,13,0,0,0,0,0,0,0,0,-38,-43,-66,36,42,49,45,700,675]} 1. e4 c5 2. Nf3 d6 3. d4 cxd4 4. Nxd4 Nf6 5. Nc3 g6 6. Be3 Bg7 7. f3 Nc6 8. Qd2 O-O 9. O-O-O d5 10. exd5 Nxd5 11. Nxc6 bxc6 12. Bd4 Bxd4 13. Qxd4 Qb6 14. Na4 Qc7 {B76: Sizilianisch (Moderne Drachen-Variante)} 15. Bc4 (15. Nc5 Rd8 16. Bc4 Bf5 17. Bb3 Nb6 18. Qc3 h5 19. g3 Nd5 20. Qc4 e6 21. Rhe1 Qe7 22. Nd3 {½-½ (32) Adams,M (2715)-Nakamura,H (2781) London 2017}) 15... Rd8 16. Bb3 Be6 17. Nc5 Nf4 18. Nxe6 Nxe6 {LiveBook: 9 Partien} 19. Qe3 Nf4 20. g3 Nd5 21. Qe4 {[%cal Rb3d5]} e6 22. f4 {[#]} a5 $146 23. a4 Rab8 24. Rhe1 Rb4 25. Rd4 Rdb8 26. Red1 c5 27. Rc4 Rxc4 (27... R4b6 $1 $15) 28. Bxc4 $14 Rb4 29. b3 Qe7 $2 {[%mdl 8192] [#]} (29... Nc3 $14 30. Qa8+ Rb8) 30. Rxd5 {Precision: Weiß = 69%, Schwarz = 28%.} 1-0

[Event "Northumbria Masters 2018"]
[Site "Newcastle upon Tyne"]
[Date "2018.02.17"]
[Round "6"]
[White "Raetsky, Alexander"]
[Black "Tan, Justin"]
[Result "1/2-1/2"]
[WhiteElo "2362"]
[BlackElo "2479"]
[Annotator "TA"]
[PlyCount "73"]
[EventDate "2018.??.??"]
[EventCountry "ENG"]
[SourceTitle "playchess.com"]
[Source "ChessBase"]
[SourceQuality "1"]

{[%evp 20,73,30,0,0,0,4,0,0,0,0,-8,-8,-24,-25,-33,-15,-14,-15,-6,-14,-27,-5,-32,0,0,0,0,0,0,0,0,0,0,0,0,0,0,55,55,64,60,54,59,50,7,7,7,6,7,20,8,9,0,0,0]} 1. d4 Nf6 2. c4 e6 3. g3 c5 4. Nf3 cxd4 5. Nxd4 d5 6. Bg2 e5 7. Nf3 d4 8. O-O Nc6 9. e3 Bc5 10. exd4 exd4 11. Bg5 {LiveBook: 3 Partien. E01: Katalanisch} (11. Nbd2 O-O 12. Nb3 Qb6 13. Bg5 Ne4 14. Bf4 Re8 15. Re1 Bg4 16. h3 Bh5 17. g4 Bg6 18. Nh4 d3 19. Nxc5 Nxc5 {0-1 (46) Smirnov,P (2564)-Grischuk,A (2752) Cheliabinsk 2016}) 11... O-O 12. Nbd2 h6 13. Bxf6 Qxf6 14. Ne4 Qe7 15. Nxc5 $146 (15. Re1 {looks sharper.} Be6 16. a3 a5 17. Qa4 Ra6 18. Bf1) ({Vorgänger:} 15. Ne1 Bf5 16. Qf3 Bxe4 17. Qxe4 Qxe4 18. Bxe4 Rfe8 19. Bxc6 bxc6 {½-½ (35) Simon,H (2214)-Rapatinski,K (2185) Hattingen 2005}) 15... Qxc5 16. Qb3 Be6 17. Rac1 {[%cal Ba1c1,Bc1c3,Bc3d3][%mdl 32]} Rab8 18. Qb5 b6 19. a3 a5 20. Rfd1 Rfd8 21. h3 d3 22. Rc3 Bf5 23. Nh4 Nd4 24. Qxc5 bxc5 25. Nxf5 Nxf5 26. Rcxd3 Nd4 27. R1d2 Rb6 28. Bd5 Kf8 (28... a4 $11) 29. b4 $14 axb4 30. axb4 Rxb4 31. Ra2 Nc6 32. Re3 Ne7 {Die Stellung ist ausgeglichen.} 33. Ra7 Nxd5 34. cxd5 {[#] Droht stark Tee7.} Rb6 35. Rc7 c4 36. Rxc4 Rbd6 37. Rc5 {Precision: Weiß = 46%, Schwarz = 73%.} 1/2-1/2

[Event "Northumbria Masters 2018"]
[Site "Newcastle upon Tyne"]
[Date "2018.02.17"]
[Round "6"]
[White "Townsend, M Paul"]
[Black "Hebden, Mark L"]
[Result "0-1"]
[WhiteElo "2214"]
[BlackElo "2454"]
[Annotator "TA"]
[PlyCount "68"]
[EventDate "2018.??.??"]
[EventCountry "ENG"]
[SourceTitle "playchess.com"]
[Source "ChessBase"]
[SourceQuality "1"]

{[%evp 22,68,0,0,10,0,21,32,39,37,48,0,0,0,0,0,0,-33,-18,-27,-16,-146,-149,-170,-198,-200,-206,-182,-191,-173,-187,-183,-177,-177,-163,-198,-24,-36,-52,-51,-44,-39,-29,-27,-27,-100,-98,-514,-492]} 1. Nf3 Nf6 2. g3 g6 3. Bg2 Bg7 4. O-O O-O 5. d3 d5 6. c3 Nc6 7. Nbd2 e5 8. e4 a5 9. a4 Re8 10. Re1 h6 11. exd5 Nxd5 12. Nc4 {LiveBook: 69 Games. A07: Réti Opening: New York and Capablanca Systems} Rb8 (12... Nb6 13. Nxb6 cxb6 14. Be3 Be6 15. Nd2 f5 16. Nc4 Bxc4 17. dxc4 e4 18. Qxd8 Raxd8 19. Red1 Ne5 {1-0 (60) Bachmann,A (2628)-Shirov,A (2683) Florianopolis 2017}) 13. Qb3 Be6 14. Qb5 {[%cal Rc4e5] The position is equal.} (14. Nfxe5 Nxe5 15. Nxe5 Nf4 $17) 14... f6 15. d4 $146 (15. Nxa5 Na7 $17) ({Predecessor:} 15. Nfd2 Ndb4 16. Nxa5 Nc2 17. Nxb7 Rxb7 18. Qxb7 Bd5 19. Bxd5+ Qxd5 {½-½ (49) Staller,P (2350)-Raetsky,A (2455) Werfen 1996}) 15... exd4 16. Nh4 {And now Rxe6! would win.} Ne5 17. Nxe5 fxe5 18. Nxg6 c6 19. Qd3 dxc3 20. bxc3 e4 21. Qc2 (21. Bxe4 $11 Nxc3 22. Ra3) 21... Qf6 $1 $36 {[%cal Rf6g6][%mdl 2048] Keeping White busy.} ({Reject} 21... Bxc3 $6 22. Bb2 $11) 22. Bxe4 Bf5 23. Nh4 Bxe4 ({Not} 23... Qxc3 24. Qxc3 Bxc3 25. Nxf5 $15) 24. Rxe4 {Threatens to win with Rg4.} Qxc3 ({Resist} 24... Nxc3 25. Rxe8+ Rxe8 26. Bb2 $15) 25. Qxc3 Bxc3 26. Rg4+ Kh7 $1 27. Rb1 {[#]} b5 $1 {[%cal Rb5a4] Strongly threatening ...bxa4.} 28. Kg2 {[#]} bxa4 $2 (28... h5 $1 $19 {[%cal Rh5g4]} 29. Rg6 bxa4 30. Rxb8 Rxb8 31. Rxc6 Rb1 32. Rh6+ Kg8) 29. Rxb8 $11 Rxb8 30. Rxa4 Rb1 31. Bf4 Bb4 {Hoping for ...Nc3.} 32. Be5 $1 c5 33. Kf3 (33. Ra2 $11) 33... Re1 $17 34. Bf4 $2 {[%mdl 8192]} (34. Ba1 $17 {is tougher.}) 34... Nc3 {Precision: White = 49%, Black = 68%.} 0-1

[Event "Northumbria Masters 2018"]
[Site "Newcastle upon Tyne"]
[Date "2018.02.17"]
[Round "7"]
[White "Vakhidov, Jakhongir"]
[Black "Eggleston, David J"]
[Result "1/2-1/2"]
[WhiteElo "2532"]
[BlackElo "2409"]
[Annotator "TA"]
[PlyCount "56"]
[EventDate "2018.??.??"]
[EventCountry "ENG"]
[SourceTitle "playchess.com"]
[Source "ChessBase"]
[SourceQuality "1"]

{[%evp 21,56,10,8,0,0,-8,0,0,0,0,0,0,8,-20,11,-7,47,53,62,62,61,55,48,0,0,-31,-25,-24,-24,-50,-41,-42,-52,-53,-19,-518,-509]} 1. c4 Nf6 2. d4 e6 3. Nf3 b6 4. g3 Bb7 5. Bg2 Be7 6. O-O O-O 7. Nc3 d5 8. Ne5 Nbd7 9. Qa4 c6 10. Nxc6 Bxc6 11. Qxc6 Rc8 12. Qa4 {[%cal Rc4d5] E18: Queen's Indian: Old Main Line (4 g3 Bb7 5 Bg2 Be7 6 0-0 0-0 7 Nc3)} Rxc4 13. Qd1 a6 14. Qd3 {The position is equal.} b5 15. b3 Rc6 16. Bd2 $146 ({Predecessor:} 16. Bb2 Qa5 17. a4 b4 18. Na2 Rfc8 19. Rac1 Qb6 20. Rxc6 Rxc6 21. Rc1 Nb8 22. Rxc6 Nxc6 23. e3 Ne8 {½-½ (23) Bartos,J (2203)-Simonian,H (2475) Marianske Lazne 2011}) 16... Ba3 17. Rab1 Be7 18. a4 bxa4 (18... b4 $11 19. Nd1 a5) 19. Nxa4 Qb8 20. b4 Qb5 21. Nc5 Qxd3 22. exd3 (22. Nxd3 {with more complications.} Ne4 23. Bxe4 dxe4 24. Nc5 Rd8 25. Nxe4 Nf6 26. Nxf6+ Bxf6 27. e3) 22... Rb6 23. Ra1 Nb8 24. Ra4 Ne8 {[%cal Bf6e8,Be8d6,Bd6f5][%mdl 32]} 25. Rc1 Bf6 26. Bf4 Nd6 $1 27. Be5 Nf5 28. Bd6 $2 {[%mdl 8192] [#]} (28. Bxb8 $11 {and White has nothing to worry.} Rbxb8 29. Nd7) 28... Nxd6 {[%mdl 32768] Precision: White = 45%, Black = 64%. . An unexpected result.} 1/2-1/2

[Event "Northumbria Masters 2018"]
[Site "Newcastle upon Tyne"]
[Date "2018.02.17"]
[Round "7"]
[White "Gormally, Daniel W"]
[Black "Macklin, Paul"]
[Result "1-0"]
[WhiteElo "2483"]
[BlackElo "2307"]
[Annotator "TA"]
[PlyCount "44"]
[EventDate "2018.??.??"]
[EventCountry "ENG"]
[SourceTitle "playchess.com"]
[Source "ChessBase"]
[SourceQuality "1"]

{[%evp 13,44,19,19,0,0,0,0,5,9,8,14,0,0,-16,0,0,0,0,0,0,12,0,82,145,426,418,380,313,790,790,783,776,1311]} 1. e4 Nc6 2. Nf3 d6 3. d4 Nf6 4. Nc3 g6 5. h3 Bg7 6. Be3 O-O 7. Bd3 {B08: Pirc Defence: Classical System} (7. d5 Nb8 8. Bd3 e5 9. dxe6 Bxe6 10. O-O Nc6 11. Qd2 d5 12. Bg5 dxe4 13. Nxe4 Nxe4 14. Bxe4 Qxd2 15. Bxd2 {1-0 (43) Harikrishna,P (2744)-Mamedov,R (2709) Huaian 2017}) 7... e5 {LiveBook: 4 Games} 8. dxe5 Nxe5 9. O-O $146 {The position is equal.} ({Predecessor:} 9. Nxe5 dxe5 10. Ne2 b6 11. Ng3 Bb7 12. O-O Qe7 13. c3 Nd7 14. b4 c5 15. Qb3 Rac8 16. a4 a6 17. b5 {½-½ (17) Valko,K (2312)-Kiss,S (2113) Hungary 2012}) 9... Nxd3 10. cxd3 b6 11. Qd2 Re8 12. Bh6 Bh8 13. Ng5 Bb7 14. f4 d5 {[%cal Rd5e4]} 15. e5 $36 {[%mdl 2048] White fights for an advantage.} d4 16. Nce4 Nxe4 17. dxe4 Qd7 {[#]} (17... Ba6 $11 {remains equal.}) 18. f5 $1 $16 Rxe5 $2 {[%mdl 8192]} (18... d3 $16 {was necessary.}) 19. fxg6 $18 fxg6 20. Qb4 {White threatens Rf8+ and mate.} Bg7 $2 (20... c5 21. Qb3+ Bd5 22. exd5 Qxd5) 21. Rf7 ({Weaker is} 21. Qc4+ Bd5 $16) 21... Qxf7 22. Nxf7 Kxf7 {Precision: White = 68%, Black = 43%.} 1-0

[Event "Northumbria Masters 2018"]
[Site "Newcastle upon Tyne"]
[Date "2018.02.17"]
[Round "7"]
[White "Tan, Justin"]
[Black "Haria, Ravi"]
[Result "1/2-1/2"]
[WhiteElo "2479"]
[BlackElo "2376"]
[Annotator "TA"]
[PlyCount "116"]
[EventDate "2018.??.??"]
[EventCountry "ENG"]
[SourceTitle "playchess.com"]
[Source "ChessBase"]
[SourceQuality "1"]

{[%evp 21,116,36,27,25,42,37,32,49,71,74,74,61,80,86,81,89,89,70,72,76,117,53,55,47,69,53,43,49,59,59,52,58,47,57,130,54,51,33,39,39,43,40,52,20,20,19,25,16,13,4,10,10,19,12,20,0,0,0,0,0,0,0,0,0,0,0,0,0,0,0,0,0,0,0,0,0,0,0,0,0,0,0,0,0,0,0,8,-3,0,-8,-8,-8,-8,-8,0,0,0]} 1. c4 e6 2. Nc3 d5 3. d4 Bb4 4. e3 Nf6 5. a3 Bxc3+ 6. bxc3 c6 7. Nf3 O-O 8. a4 {E51: Nimzo-Indian: Rubinstein: 4...0-0 5 Nf3 d5} b6 9. cxd5 cxd5 10. Ba3 Re8 11. Bb5 Bd7 {LiveBook: 4 Games} 12. Bd3 Bc8 $146 ({Predecessor:} 12... Nc6 13. Bd6 Ne4 14. Bxe4 dxe4 15. Nd2 e5 {½-½ (50) Zhao,J (2580)-Hou,Y (2602) Xinghua Jiangsu 2011}) 13. Qe2 Bb7 14. O-O Qc8 15. Rfc1 Ba6 16. c4 dxc4 17. Bxc4 Bxc4 18. Rxc4 Qa6 19. Ne5 {Strongly threatening Qf3.} Nbd7 20. Nc6 Kh8 21. Bb2 (21. Rac1 $16) 21... Rac8 {[#] White must now prevent ...Rxc6!} 22. Qc2 $36 {[%mdl 2048] White is pushing.} Rc7 23. Ne5 Rxc4 24. Qxc4 Qxc4 25. Nxc4 Rc8 26. Nd6 Rc2 27. Rc1 Rxc1+ 28. Bxc1 $14 {[%mdl 4096] Endgame KBN-KNN} Kg8 29. e4 e5 30. Bb2 exd4 31. Bxd4 Nb8 32. f3 Nfd7 33. Kf2 Nc6 34. Be3 Kf8 {The position is equal.} 35. Ke2 g6 36. Kd3 Ke7 37. Nb5 Ke6 38. h3 f5 39. exf5+ Kxf5 40. Nd6+ Ke6 41. Ne4 Nde5+ 42. Kc3 h5 43. f4 Nd7 44. Kc4 a6 45. Bd2 Ne7 46. g4 hxg4 47. hxg4 {Threatens to win with Ng5+.} b5+ 48. axb5 axb5+ 49. Kxb5 Kd5 50. Nf2 Nf6 51. Bc1 Ne4 52. Nd3 Nf6 53. Ne5 Ke4 54. Ba3 Nfd5 55. Bxe7 Nxe7 56. Nxg6 Nxg6 57. f5 Ke5 58. fxg6 {[#] White threatens g7 and mate.} Kf6 {Precision: White = 61%, Black = 77%.} 1/2-1/2

[Event "Northumbria Masters 2018"]
[Site "Newcastle upon Tyne"]
[Date "2018.02.17"]
[Round "7"]
[White "Hebden, Mark L"]
[Black "Donchenko, Alexander"]
[Result "0-1"]
[WhiteElo "2454"]
[BlackElo "2583"]
[Annotator "TA"]
[PlyCount "84"]
[EventDate "2018.??.??"]
[EventCountry "ENG"]
[SourceTitle "playchess.com"]
[Source "ChessBase"]
[SourceQuality "1"]

{[%evp 14,84,5,0,0,0,-7,-2,-22,0,-16,-11,-16,-41,12,0,25,-28,-29,-60,-55,-35,-18,-135,-136,-315,-307,-332,-312,-355,-215,-211,-201,-287,-272,-271,-249,-258,-242,-300,-291,-309,-300,-315,-313,-310,-266,-314,-307,-652,-619,-740,-526,-610,-521,-515,-510,-504,-488,-506,-476,-562,-564,-554,-548,-536,-536,-558,-551,-577,-575,-1132,-980]} 1. d4 Nf6 2. Nf3 g6 3. Nc3 d5 4. Bf4 Bg7 5. e3 O-O 6. Be2 c5 7. Ne5 Nc6 8. O-O {LiveBook: 117 Games} Ne8 {D00: 1 d4 d5: Unusual lines} (8... cxd4 9. exd4 e6 10. Re1 Nxe5 11. Bxe5 Ne8 12. Bxg7 Nxg7 13. a4 Bd7 14. Qd2 Rc8 15. Bd3 Qh4 16. Ne2 Rfe8 {½-½ (16) Hebden,M (2429)-Vakhidov,J (2516) Harrogate 2018}) 9. Nxc6 bxc6 10. Na4 cxd4 {The position is equal.} 11. exd4 Nd6 12. Re1 f6 $146 {[%cal Bf7f6,Bf6f5][%mdl 32]} ({Predecessor:} 12... Re8 13. c3 f6 14. Bg4 e5 15. Bxc8 Qxc8 16. dxe5 fxe5 {1-0 (45) Norton,C (2033)-Hill,A (2237) Hastings 2016}) 13. Bd3 Nf7 (13... e5 $15 14. Be3 (14. dxe5 fxe5 15. Bxe5 Bxe5 $15) 14... Nf5) 14. c4 e5 15. Bg3 ({Better is} 15. Be3) 15... e4 $1 $11 {[%cal Re4d3]} 16. Bf1 f5 17. cxd5 cxd5 {next ...g5 is good for Black.} 18. Qb3 (18. Rc1 $1 $11 {keeps the balance.}) 18... g5 $36 {[%mdl 2048] Keeping White busy.} (18... Bxd4 19. Rad1 $14) 19. Bb5 $2 (19. h3 $17) 19... f4 $19 {[#] Threatens to win with ...Rb8.} ({Weaker is} 19... Bxd4 20. Rad1 $16) 20. Bc6 fxg3 21. hxg3 Bd7 22. Bxa8 Qxa8 23. Nc5 (23. Nc3 $142) 23... Bg4 24. Qe3 Qb8 25. Nb3 h6 26. Qd2 Nd6 27. Qa5 Qb7 28. Rac1 Nc4 29. Qc3 Qb8 30. Rc2 {[#]} e3 $1 {[%mdl 512]} 31. fxe3 $2 (31. Rxe3 Nxe3 32. Qxe3) 31... Qxg3 {Black is clearly winning.} 32. Nc5 Re8 33. Rf2 {If only White now had time for e4....} Rxe3 34. Rxe3 Qxe3 35. Qxe3 Nxe3 36. Nb3 Bd1 37. Nc5 Bxd4 38. Ne6 Bb6 39. Rf8+ Kh7 40. Rb8 Bg4 41. Nc7 d4 42. Rb7 Bc8 {Precision: White = 27%, Black = 68%.} 0-1